Classical dynamics: a contemporary approach

Guardat en:
Dades bibliogràfiques
Autors principals: José, Jorge Valenzuela (Autor), Saletan, Eugene Jerome (Autor)
Format: Llibre
Idioma:anglès
Publicat: Cambridge University of Cambridge 1998
Edició:1a. ed
Matèries:
Etiquetes: Afegir etiqueta
Sense etiquetes, Sigues el primer a etiquetar aquest registre!

MARC

LEADER 00000nam a2200000 a 4500
001 UCL8263
003 CL-VaPUC
008 040618e19980000uk |||||||||||||||||eng|d
020 |a 0521636361 
082 0 4 |a 531.11  |b JOS  |2 21 
100 |a José, Jorge Valenzuela  |e author  |9 579569 
700 0 |a Saletan, Eugene Jerome  |e author  |9 486165 
245 1 0 |a Classical dynamics: a contemporary approach 
250 |a 1a. ed 
300 |a 670 p 
942 |c BK 
945 |d 20040618 00:00:00  |a cmena 
260 |a Cambridge  |b University of Cambridge  |c 1998 
650 0 |a Mecánica analítica  |9 271767 
650 0 |a Física   |9 227844 
650 0 |a Física teórica  |9 345827 
999 |c 309620  |d 309618 
583 |k Rodrigo Vera 
952 |0 0  |1 0  |4 0  |6 531_110000000000000_JOS_1998  |7 0  |8 A  |9 377241  |a BIBCUR  |b BIBCUR  |d 2019-11-21  |i 4026527  |o 531.11 JOS 1998  |p 4026527  |r 2025-04-22  |w 2019-11-21  |y BK  |k FIS